|
|
|
|
| LEADER |
00000nam a2200000 a 4500 |
| 001 |
vtls001277320 |
| 003 |
SK-MaSNL |
| 005 |
20260417090144.0 |
| 008 |
240226s1996 xo r slo |
| 015 |
|
|
|a SNBA1997/0501343
|
| 020 |
|
|
|a 8085172895
|
| 035 |
|
|
|a SNK000228584
|
| 035 |
|
|
|a urn:nbn:sk:snk-amk5vb
|
| 035 |
|
|
|a urn:nbn:sk:snk-am004m63
|
| 035 |
|
|
|a 4537D35D-4A23-40E2-A8F5-49D48FCE7CE8
|
| 040 |
|
|
|a SNK
|b slo
|c SNK
|e AACR2
|
| 041 |
0 |
|
|a slo
|
| 044 |
|
|
|a xo
|c SK
|
| 080 |
|
|
|a 371.27:54(041)
|2 1981
|
| 080 |
|
|
|a 54(041)
|2 1981
|
| 111 |
1 |
|
|a Chemická olympiáda
|n (33. :
|d 1996-1997)
|4 aut
|9 110105
|
| 245 |
1 |
0 |
|a Chemická olympiáda, 33. ročník, 1996-1997
|b republikové kolo v kategórii E a F : zadania a riešenia úloh republikového kola
|c [autori: I. Ondrejkovičová ... [et al.]]
|
| 260 |
|
|
|a Bratislava
|b Iuventa
|c [1996]
|
| 300 |
|
|
|a 38 s.
|b Sch.
|c 21 cm
|
| 500 |
|
|
|a Údaje o aut. prevzaté z rubu tit. strany
|
| 500 |
|
|
|a 100 výt. Nepredajné, pre vnútornú potrebu
|
| 650 |
0 |
7 |
|a chémia
|x olympiády chemické
|x školy stredné
|y šk. r. 1996-1997
|x úlohy
|2 SNK
|9 284161
|
| 650 |
0 |
7 |
|a olympiády chemické
|x školy stredné
|y šk. r. 1996-1997
|x úlohy
|2 SNK
|9 284162
|
| 655 |
|
7 |
|a príručky
|2 SNK
|9 74364
|
| 700 |
1 |
|
|a Ondrejkovičová, Iveta,
|d 1951-
|4 aut
|9 207138
|
| 919 |
|
|
|a 80-85172-89-5
|
| 958 |
|
|
|a OND
|
| 958 |
|
|
|a TL
|
| 958 |
|
|
|a BQ
|
| 999 |
|
|
|c 541370
|d 543300
|
| 952 |
|
|
|t P60, <09>, [BOOK], {629}
|a SNK
|b SNK
|y NEVYP
|7 0
|o snkC 379
|i snk775/970226
|0 0
|1 0
|4 0
|d 1997-02-25
|l 0
|r 2005-01-02 00:00:00
|w 2026-02-23
|
| 952 |
|
|
|t P60, <03>, [BOOK], {603}
|a SNK
|b SNK
|y PREZ
|7 0
|p 17A0037185
|o snkSC 92400
|i snkKSP 1691/97
|0 0
|1 0
|4 0
|d 1997-02-25
|f 1
|l 0
|r 2025-09-10 00:00:00
|w 2026-02-23
|
| 952 |
|
|
|t P60, <04>, [BOOK], {604}
|a SNK
|b SNK
|y VYP
|7 0
|p 17A0037186
|o snkSC 92400 D1
|i snkKSP 1692/97
|0 0
|1 0
|4 0
|d 1997-02-25
|l 0
|r 2005-01-02 00:00:00
|w 2026-02-23
|